Statistics for UFC TITLE FIGHTS QUIZ #3

Click here to take the quiz!

General Stats

  • This quiz has been taken 36 times
  • The average score is 13 of 20

Answer Stats

HintAnswer% Correct
2016 LHW (-556)Jon Jones
94%
2016 FLY (-1,250)Demetrious Johnson
91%
2020 BW (-200)Henry Cejudo
88%
2013 MW (-222)Anderson Silva
79%
2020 FLY (-225)Deiveson Figueiredo
79%
2022 LHW (+188)Glover Teixeira
79%
2022 LHW (-196)Jiri Prochazka
76%
2013 MW (+235)Chris Weidman
71%
2018 MW (-250)Robert Whittaker
71%
2017 WW (-192)Tyron Woodley
71%
2018 MW (+270)Yoel Romero
68%
2020 BW (+205)Dominick Cruz
65%
2016 LW (+260)Eddie Alvarez
56%
2016 LW (-286)Rafael dos Anjos
53%
2014 HW (-370)Fabricio Werdum
50%
2020 FLY (+205)Joseph Benavidez
44%
2016 LHW (+518)Ovince St Preux
38%
2017 WW (+177)Demian Maia
32%
2014 HW (+355)Mark Hunt
26%
2016 FLY (+800)Tim Elliott
21%

Score Distribution

Percentile by Number Answered

Percent of People with Each Score

Your Score History

You have not taken this quiz